000 00295nam a2200109Ia 4500
005 20251222154346.0
008 251222s9999||||xx |||||||||||||| ||spa||
082 _a985.05/V66
100 _a"Villanueva Urteaga, Horacio"
245 0 _aGamarra y la iniciación Republicana en el Cuzco
942 _cLIB
999 _c34717
_d34717